[Event "Open International Graz"]
[Date "2026.02.17"]
[White "Diermair, Andreas"]
[Black "Leitgeb, Julian"]
[WhiteElo "2447"]
[BlackElo "2305"]
[Round "5.5.15"]
[Result "1-0"]

d4 {[%clk 1:30:51]} Nf6 {[%clk 1:29:57]} c4 {[%clk 1:31:16]} g6 {[%clk 1:30:23]}
Nc3 {[%clk 1:30:57]} Bg7 {[%clk 1:30:45]} e4 {[%clk 1:31:23]} d6 {[%clk
1:31:09]} h3 {[%clk 1:31:26]} O-O {[%clk 1:30:16]} Be3 {[%clk 1:31:31]} Na6
{[%clk 1:25:01]} Bd3 {[%clk 1:28:31]} e5 {[%clk 1:19:32]} d5 {[%clk 1:27:56]}
Nc5 {[%clk 1:15:28]} Bc2 {[%clk 1:28:13]} a5 {[%clk 1:15:07]} Nge2 {[%clk
1:24:34]} Nh5 {[%clk 1:04:30]} Qd2 {[%clk 1:11:28]} f5 {[%clk 0:59:50]} exf5
{[%clk 1:11:39]} Bxf5 {[%clk 0:57:36]} Bxf5 {[%clk 1:03:03]} gxf5 {[%clk
0:57:19]} O-O-O {[%clk 1:03:03]} Qd7 {[%clk 0:40:47]} f3 {[%clk 0:57:19]} Na4
{[%clk 0:36:44]} g4 {[%clk 0:54:44]} Nxc3 {[%clk 0:34:05]} Nxc3 {[%clk 0:55:00]}
Nf6 {[%clk 0:32:01]} Rhg1 {[%clk 0:52:36]} f4 {[%clk 0:30:35]} Bf2 {[%clk
0:52:57]} e4 {[%clk 0:23:48]} fxe4 {[%clk 0:53:15]} Qe8 {[%clk 0:19:52]} Qc2
{[%clk 0:51:20]} Nd7 {[%clk 0:19:50]} Nb5 {[%clk 0:50:44]} Rc8 {[%clk 0:18:32]}
Kb1 {[%clk 0:49:42]} Qe7 {[%clk 0:17:39]} g5 {[%clk 0:39:11]} Rfe8 {[%clk
0:17:15]} Rde1 {[%clk 0:36:17]} c6 {[%clk 0:15:08]} Nd4 {[%clk 0:31:22]} Bxd4
{[%clk 0:13:23]} Bxd4 {[%clk 0:30:39]} cxd5 {[%clk 0:07:55]} g6 {[%clk 0:30:35]}
h6 {[%clk 0:07:48]} Qf2 {[%clk 0:29:42]} Qf8 {[%clk 0:02:46]} g7 {[%clk
0:27:03]} Qf7 {[%clk 0:02:49]} Qh4 {[%clk 0:26:39]} Kh7 {[%clk 0:02:09]} Rg4
{[%clk 0:19:50]} Ne5 {[%clk 0:02:30]} Rxf4 {[%clk 0:18:34]} Qxg7 {[%clk
0:02:52]} Rg1 {[%clk 0:17:53]} Qe7 {[%clk 0:01:17]} Rf6 {[%clk 0:17:42]} Nf7
{[%clk 0:01:40]} Qf4 {[%clk 0:16:51]} Ng5 {[%clk 0:01:14]} Qf5+ {[%clk 0:16:56]}
Kg8 {[%clk 0:00:55]} Rg6+ {[%clk 0:17:04]}

[Variant "Standard"]
[Site "Europe Echecs"]

[Event "Open International Graz"]
[Date "2026.02.17"]
[White "Diachek, Andrii"]
[Black "Czernek, Tymon"]
[WhiteElo "2301"]
[BlackElo "2403"]
[Round "5.5.16"]
[Result "1/2-1/2"]

c4 {[%clk 1:28:30]} e5 {[%clk 1:30:50]} Nc3 {[%clk 1:28:03]} Nf6 {[%clk
1:31:17]} Nf3 {[%clk 1:28:13]} Nc6 {[%clk 1:31:42]} e3 {[%clk 1:28:08]} d5
{[%clk 1:21:37]} cxd5 {[%clk 1:28:32]} Nxd5 {[%clk 1:22:04]} Bb5 {[%clk
1:28:54]} Nxc3 {[%clk 1:19:27]} bxc3 {[%clk 1:29:19]} Bd6 {[%clk 1:18:53]} d4
{[%clk 1:29:29]} exd4 {[%clk 1:09:27]} cxd4 {[%clk 1:29:45]} O-O {[%clk
1:09:43]} O-O {[%clk 1:29:08]} Bf5 {[%clk 1:08:01]} Bd3 {[%clk 1:10:05]} Qd7
{[%clk 0:57:46]} Qc2 {[%clk 0:57:14]} Bxd3 {[%clk 0:55:48]} Qxd3 {[%clk
0:57:40]} Nb4 {[%clk 0:52:22]} Qb3 {[%clk 0:53:26]} Qe6 {[%clk 0:48:13]} Qb1
{[%clk 0:43:43]} Nd5 {[%clk 0:44:22]} Bd2 {[%clk 0:41:58]} Rfe8 {[%clk 0:43:18]}
Rc1 {[%clk 0:39:11]} Rab8 {[%clk 0:42:47]} a4 {[%clk 0:36:00]} c6 {[%clk
0:41:39]} a5 {[%clk 0:34:02]} a6 {[%clk 0:42:00]} Qd3 {[%clk 0:27:41]} h6 {[%clk
0:41:30]} Rab1 {[%clk 0:27:09]} f5 {[%clk 0:39:37]} Nh4 {[%clk 0:20:18]} Rf8
{[%clk 0:37:52]} Re1 {[%clk 0:18:47]} Qe4 {[%clk 0:34:19]} Qxe4 {[%clk 0:18:41]}
fxe4 {[%clk 0:34:48]} f3 {[%clk 0:18:23]} Rfe8 {[%clk 0:31:02]} Nf5 {[%clk
0:17:45]} Bc7 {[%clk 0:30:58]} Rb3 {[%clk 0:16:16]} Re6 {[%clk 0:22:13]} f4
{[%clk 0:13:22]} g5 {[%clk 0:19:20]} fxg5 {[%clk 0:13:08]} hxg5 {[%clk 0:19:48]}
Reb1 {[%clk 0:12:12]} b5 {[%clk 0:15:21]} axb6 {[%clk 0:11:58]} Rxb6 {[%clk
0:15:49]} Rxb6 {[%clk 0:10:38]} Bxb6 {[%clk 0:16:17]} Bb4 {[%clk 0:07:26]} Nxb4
{[%clk 0:15:23]} Rxb4 {[%clk 0:07:51]} c5 {[%clk 0:15:47]} dxc5 {[%clk 0:07:26]}
Bxc5 {[%clk 0:16:09]} Rc4 {[%clk 0:06:48]} Bb6 {[%clk 0:14:09]} Kf2 {[%clk
0:05:44]} Rf6 {[%clk 0:10:25]} g4 {[%clk 0:06:04]} Re6 {[%clk 0:10:53]} Ng3
{[%clk 0:04:56]} Rf6+ {[%clk 0:10:42]} Ke2 {[%clk 0:04:16]} Rh6 {[%clk 0:11:02]}
Nh5 {[%clk 0:03:46]} Re6 {[%clk 0:11:31]} Rxe4 {[%clk 0:03:20]} Rxe4 {[%clk
0:10:44]} Nf6+ {[%clk 0:03:46]} Kf7 {[%clk 0:11:09]} Nxe4 {[%clk 0:04:11]} Bd8
{[%clk 0:11:32]} Kd3 {[%clk 0:02:34]} a5 {[%clk 0:11:38]} Kc4 {[%clk 0:10:00]}

[Variant "Standard"]
[Site "Europe Echecs"]

[Event "Open International Graz"]
[Date "2026.02.17"]
[White "Bizhigitov, Zhangir"]
[Black "Terkiewicz, Bruno"]
[WhiteElo "2300"]
[BlackElo "2393"]
[Round "5.5.17"]
[Result "1/2-1/2"]

e4 {[%clk 1:22:58]} c5 {[%clk 1:30:35]} Nf3 {[%clk 1:23:21]} d6 {[%clk 1:30:59]}
d4 {[%clk 1:21:53]} cxd4 {[%clk 1:31:20]} Nxd4 {[%clk 1:22:18]} Nf6 {[%clk
1:31:45]} Nc3 {[%clk 1:22:38]} a6 {[%clk 1:31:33]} Be2 {[%clk 1:22:16]} Nc6
{[%clk 1:13:23]} f4 {[%clk 1:15:00]} Qb6 {[%clk 1:09:22]} Nb3 {[%clk 1:11:11]}
e6 {[%clk 1:06:00]} Bf3 {[%clk 1:09:49]} Be7 {[%clk 1:04:45]} Qe2 {[%clk
1:09:16]} O-O {[%clk 1:04:33]} Be3 {[%clk 1:08:47]} Qc7 {[%clk 1:04:38]} O-O-O
{[%clk 1:02:19]} Bd7 {[%clk 0:55:06]} g4 {[%clk 0:56:54]} Rfb8 {[%clk 0:59:18]}
Qf2 {[%clk 0:39:18]} Be8 {[%clk 0:47:35]} Na4 {[%clk 0:38:25]} a5 {[%clk
0:40:25]} Nb6 {[%clk 0:15:29]} Ra6 {[%clk 0:39:35]} g5 {[%clk 0:15:38]} Nd7
{[%clk 0:08:53]} Nxd7 {[%clk 0:15:22]} Bxd7 {[%clk 0:09:21]} e5 {[%clk 0:15:18]}
d5 {[%clk 0:03:25]} Nc5 {[%clk 0:14:02]} Raa8 {[%clk 0:02:59]} Nxd7 {[%clk
0:10:17]} Qxd7 {[%clk 0:03:27]} Kb1 {[%clk 0:10:21]} Rc8 {[%clk 0:02:55]} c3
{[%clk 0:07:09]} a4 {[%clk 0:02:10]} c4 {[%clk 0:05:11]} a3 {[%clk 0:01:42]}
cxd5 {[%clk 0:03:43]} exd5 {[%clk 0:02:04]} Bxd5 {[%clk 0:02:28]} Qf5+ {[%clk
0:02:00]} Qc2 {[%clk 0:02:29]} Qh3 {[%clk 0:01:04]} Qb3 {[%clk 0:01:51]} Nb4
{[%clk 0:00:35]} Bxf7+ {[%clk 0:01:11]} Kh8 {[%clk 0:00:58]} Be6 {[%clk
0:01:38]} Qg2 {[%clk 0:00:46]} Bf5 {[%clk 0:01:10]} axb2 {[%clk 0:00:41]} a3
{[%clk 0:01:12]} Nc2 {[%clk 0:00:36]} Bxc2 {[%clk 0:01:04]} Rxa3 {[%clk
0:01:02]} Rhg1 {[%clk 0:00:52]} Qe2 {[%clk 0:00:34]} Rd2 {[%clk 0:00:44]} Qxe3
{[%clk 0:00:34]} Qxe3 {[%clk 0:01:05]} Rxe3 {[%clk 0:01:03]} Kxb2 {[%clk
0:00:38]} Bb4 {[%clk 0:01:04]} Rd3 {[%clk 0:00:46]} Re2 {[%clk 0:01:19]} Kb3
{[%clk 0:00:40]} Ba5 {[%clk 0:01:15]} Bd1 {[%clk 0:00:34]} Re4 {[%clk 0:01:30]}
Kb2 {[%clk 0:13:14]} Rxf4 {[%clk 0:12:21]} Rg2 {[%clk 0:08:14]} Bc7 {[%clk
0:05:59]} Re2 {[%clk 0:07:22]} Rf5 {[%clk 0:04:18]} Rc3 {[%clk 0:02:16]} Rxe5
{[%clk 0:03:57]} Kc2 {[%clk 0:02:37]} Rce8 {[%clk 0:01:52]} Rxc7 {[%clk
0:02:39]} Rxe2+ {[%clk 0:02:16]} Bxe2 {[%clk 0:03:07]} Rxe2+ {[%clk 0:02:39]}
Kd3 {[%clk 0:03:36]} Re8 {[%clk 0:02:32]} Rxb7 {[%clk 0:04:02]} Kg8 {[%clk
0:02:53]} h4 {[%clk 0:03:19]} Re1 {[%clk 0:01:18]} h5 {[%clk 0:02:05]} Re5
{[%clk 0:00:20]} Kd4 {[%clk 0:02:05]}

[Variant "Standard"]
[Site "Europe Echecs"]

[Event "Open International Graz"]
[Date "2026.02.17"]
[White "Jirasek, Pavel"]
[Black "Lymar, Vladislav"]
[WhiteElo "2392"]
[BlackElo "2287"]
[Round "5.5.18"]
[Result "0-1"]

c4 {[%clk 1:30:55]} e5 {[%clk 1:30:48]} g3 {[%clk 1:31:20]} Nf6 {[%clk 1:30:34]}
Bg2 {[%clk 1:31:44]} c6 {[%clk 1:30:41]} Nf3 {[%clk 1:31:37]} e4 {[%clk
1:30:09]} Nd4 {[%clk 1:32:02]} Qb6 {[%clk 1:29:55]} Nb3 {[%clk 1:32:19]} a5
{[%clk 1:30:09]} d3 {[%clk 1:32:44]} a4 {[%clk 1:30:24]} N3d2 {[%clk 1:33:10]}
Bc5 {[%clk 1:30:36]} O-O {[%clk 1:33:09]} e3 {[%clk 1:30:48]} fxe3 {[%clk
1:33:27]} Bxe3+ {[%clk 1:31:07]} Kh1 {[%clk 1:33:51]} Ng4 {[%clk 1:31:23]} Ne4
{[%clk 1:32:47]} O-O {[%clk 1:29:20]} Nbc3 {[%clk 1:28:11]} d5 {[%clk 1:28:59]}
cxd5 {[%clk 1:28:36]} Bxc1 {[%clk 1:27:15]} Qxc1 {[%clk 1:27:38]} Ne3 {[%clk
1:26:45]} Rf3 {[%clk 1:25:20]} Nxd5 {[%clk 1:26:08]} Qg5 {[%clk 1:17:11]} Nd7
{[%clk 1:12:47]} Bh3 {[%clk 0:59:20]} h6 {[%clk 0:56:05]} Nxd5 {[%clk 0:59:08]}
cxd5 {[%clk 0:55:39]} Qxd5 {[%clk 0:59:32]} Qxb2 {[%clk 0:55:25]} Rff1 {[%clk
0:45:40]} Nb6 {[%clk 0:53:06]} Qh5 {[%clk 0:46:04]} Bxh3 {[%clk 0:52:44]} Qxh3
{[%clk 0:46:31]} Qxe2 {[%clk 0:51:12]} Qf5 {[%clk 0:42:55]} Rad8 {[%clk
0:47:49]} Rab1 {[%clk 0:34:42]} Nd5 {[%clk 0:42:36]} Rbe1 {[%clk 0:24:06]} Qxa2
{[%clk 0:35:35]} Nc5 {[%clk 0:24:08]} Nf6 {[%clk 0:35:10]} Ra1 {[%clk 0:22:47]}
Qe2 {[%clk 0:32:21]} Rfe1 {[%clk 0:18:28]} Qd2 {[%clk 0:31:43]} Red1 {[%clk
0:18:32]} Qa5 {[%clk 0:29:38]} Rxa4 {[%clk 0:16:19]} Qb5 {[%clk 0:28:21]}

[Variant "Standard"]
[Site "Europe Echecs"]

[Event "Open International Graz"]
[Date "2026.02.17"]
[White "Gallasch, Jonas"]
[Black "Sherman, Raem"]
[WhiteElo "2299"]
[BlackElo "2388"]
[Round "5.5.19"]
[Result "0-1"]

d4 {[%clk 1:30:51]} Nf6 {[%clk 1:30:13]} Nf3 {[%clk 1:31:16]} e6 {[%clk
1:30:28]} c4 {[%clk 1:30:40]} b6 {[%clk 1:30:21]} g3 {[%clk 1:30:40]} Ba6 {[%clk
1:30:42]} Qc2 {[%clk 1:29:17]} c5 {[%clk 1:30:50]} d5 {[%clk 1:26:27]} exd5
{[%clk 1:31:14]} cxd5 {[%clk 1:27:29]} Bb7 {[%clk 1:31:37]} Bg2 {[%clk 1:26:43]}
Nxd5 {[%clk 1:31:55]} O-O {[%clk 1:23:28]} Be7 {[%clk 1:31:50]} a3 {[%clk
1:22:09]} Nc7 {[%clk 1:18:14]} e4 {[%clk 1:16:32]} Nc6 {[%clk 1:16:23]} Rd1
{[%clk 1:16:09]} Ne6 {[%clk 1:16:27]} Be3 {[%clk 1:15:51]} O-O {[%clk 1:09:56]}
Nc3 {[%clk 1:13:48]} Rc8 {[%clk 1:04:54]} Nd5 {[%clk 0:49:18]} Ncd4 {[%clk
0:59:22]} Bxd4 {[%clk 0:48:37]} cxd4 {[%clk 0:59:36]} Qd2 {[%clk 0:45:43]} f5
{[%clk 0:43:19]} Nxe7+ {[%clk 0:35:29]} Qxe7 {[%clk 0:43:30]} Nxd4 {[%clk
0:35:51]} fxe4 {[%clk 0:39:25]} Nxe6 {[%clk 0:29:58]} dxe6 {[%clk 0:39:30]} Rac1
{[%clk 0:22:47]} Bd5 {[%clk 0:36:08]} Qe2 {[%clk 0:16:37]} Rxc1 {[%clk 0:29:07]}
Rxc1 {[%clk 0:16:55]} Qf6 {[%clk 0:29:25]} Rc3 {[%clk 0:13:25]} Qd4 {[%clk
0:25:54]} Re3 {[%clk 0:10:34]} h6 {[%clk 0:24:25]} Qc2 {[%clk 0:07:03]} Rf6
{[%clk 0:18:14]} Qc8+ {[%clk 0:06:23]} Rf8 {[%clk 0:17:23]} Qc2 {[%clk 0:06:48]}
Kh8 {[%clk 0:17:43]} Qc3 {[%clk 0:05:00]} Qa4 {[%clk 0:16:00]} Qe1 {[%clk
0:02:35]} Qc2 {[%clk 0:14:22]} Re2 {[%clk 0:02:23]} Qb3 {[%clk 0:14:41]} Bxe4
{[%clk 0:00:43]} Bxe4 {[%clk 0:14:44]} Rxe4 {[%clk 0:01:12]} Qxb2 {[%clk
0:14:40]} a4 {[%clk 0:01:19]} Qc2 {[%clk 0:14:34]} Qe2 {[%clk 0:00:45]} Qc6
{[%clk 0:11:18]} Qc4 {[%clk 0:00:34]} Qxc4 {[%clk 0:11:17]} Rxc4 {[%clk
0:01:03]} Rf5 {[%clk 0:11:37]} Kg2 {[%clk 0:00:34]} Kh7 {[%clk 0:11:41]} f4
{[%clk 0:00:48]} Kg6 {[%clk 0:11:05]} Kf3 {[%clk 0:01:15]} Kf6 {[%clk 0:11:14]}
Ke4 {[%clk 0:13:53]} Ra5 {[%clk 0:24:13]} Rd4 {[%clk 0:12:24]} Rc5 {[%clk
0:23:57]} Rb4 {[%clk 0:11:29]} h5 {[%clk 0:23:59]} h3 {[%clk 0:10:19]} Rc3
{[%clk 0:23:34]} g4 {[%clk 0:10:44]} Rxh3 {[%clk 0:23:39]} g5+ {[%clk 0:11:12]}
Kg6 {[%clk 0:22:49]} a5 {[%clk 0:11:38]} bxa5 {[%clk 0:21:48]} Ra4 {[%clk
0:12:03]} e5 {[%clk 0:17:09]} f5+ {[%clk 0:10:19]} Kxg5 {[%clk 0:17:13]} Rxa5
{[%clk 0:10:47]} Rh1 {[%clk 0:16:20]} Rxa7 {[%clk 0:08:46]} Re1+ {[%clk
0:16:38]} Kf3 {[%clk 0:08:35]} Kf6 {[%clk 0:16:54]} Kg3 {[%clk 0:08:11]} Re4
{[%clk 0:16:55]} Rb7 {[%clk 0:06:45]} Rg4+ {[%clk 0:17:14]} Kf3 {[%clk 0:06:54]}
Kxf5 {[%clk 0:17:32]} Rf7+ {[%clk 0:06:32]} Ke6 {[%clk 0:17:52]} Ra7 {[%clk
0:06:53]} g6 {[%clk 0:18:12]} Ra8 {[%clk 0:07:10]} Rb4 {[%clk 0:17:49]}

[Variant "Standard"]
[Site "Europe Echecs"]

[Event "Open International Graz"]
[Date "2026.02.17"]
[White "Marn, Jan"]
[Black "Nurgaliyeva, Zarina"]
[WhiteElo "2386"]
[BlackElo "2286"]
[Round "5.5.20"]
[Result "1-0"]

d4 {[%clk 1:26:45]} Nf6 {[%clk 1:30:56]} Nf3 {[%clk 1:27:06]} e6 {[%clk
1:31:18]} Bf4 {[%clk 1:27:32]} d5 {[%clk 1:29:00]} e3 {[%clk 1:27:45]} Nh5
{[%clk 1:23:56]} Bg5 {[%clk 1:23:57]} f6 {[%clk 1:23:44]} Bh4 {[%clk 1:24:19]}
g6 {[%clk 1:24:10]} c4 {[%clk 1:18:08]} Ng7 {[%clk 1:17:41]} Nc3 {[%clk
1:15:13]} Nf5 {[%clk 1:05:22]} Bg3 {[%clk 1:14:45]} Nxg3 {[%clk 1:04:04]} hxg3
{[%clk 1:15:08]} Bg7 {[%clk 1:02:16]} Qc2 {[%clk 1:07:39]} f5 {[%clk 0:58:19]}
g4 {[%clk 0:59:50]} dxc4 {[%clk 0:34:38]} Bxc4 {[%clk 0:55:18]} a6 {[%clk
0:18:03]} gxf5 {[%clk 0:47:06]} exf5 {[%clk 0:17:45]} O-O-O {[%clk 0:47:26]} b5
{[%clk 0:15:48]} Bb3 {[%clk 0:47:14]} c6 {[%clk 0:07:18]} Ne5 {[%clk 0:41:16]}
Ra7 {[%clk 0:06:24]} f4 {[%clk 0:37:29]} Qd6 {[%clk 0:06:02]} e4 {[%clk
0:36:44]} Re7 {[%clk 0:05:56]} exf5 {[%clk 0:33:16]} Bxf5 {[%clk 0:05:51]} Ne4
{[%clk 0:33:30]} Bxe4 {[%clk 0:05:41]} Qxe4 {[%clk 0:33:59]} a5 {[%clk 0:05:59]}
a3 {[%clk 0:26:02]} a4 {[%clk 0:04:09]} Ba2 {[%clk 0:26:05]} b4 {[%clk 0:02:15]}
axb4 {[%clk 0:26:18]} Qxb4 {[%clk 0:02:40]} Rxh7 {[%clk 0:17:32]} Rxh7 {[%clk
0:00:41]} Qxg6+ {[%clk 0:17:56]} Kd8 {[%clk 0:00:43]} Qxh7 {[%clk 0:18:20]} a3
{[%clk 0:01:06]} Qg8+ {[%clk 0:18:25]} Kc7 {[%clk 0:00:33]} Qb3 {[%clk 0:18:48]}
axb2+ {[%clk 0:00:45]} Kxb2 {[%clk 0:16:16]} Qd6 {[%clk 0:00:40]} Qa3 {[%clk
0:14:13]} Qf6 {[%clk 0:00:32]} Rc1 {[%clk 0:03:39]} Kc8 {[%clk 0:00:36]} Qa8
{[%clk 0:02:27]} Rb7+ {[%clk 0:00:45]} Bb3 {[%clk 0:02:54]} Kc7 {[%clk 0:00:38]}
Qa5+ {[%clk 0:03:05]} Kc8 {[%clk 0:01:02]} g3 {[%clk 0:02:51]} Qh6 {[%clk
0:00:34]} Rc2 {[%clk 0:01:32]} Qh3 {[%clk 0:00:40]} Qe1 {[%clk 0:00:56]} Bf8
{[%clk 0:00:33]} Nxc6 {[%clk 0:01:04]} Nxc6 {[%clk 0:00:38]} Qe8+ {[%clk
0:01:28]}

[Variant "Standard"]
[Site "Europe Echecs"]

[Event "Open International Graz"]
[Date "2026.02.17"]
[White "Socko, Bartosz"]
[Black "Travadon, Loic"]
[WhiteElo "2580"]
[BlackElo "2483"]
[Round "6.6.1"]
[Result "1/2-1/2"]

e4 {[%clk 1:30:56]} c5 {[%clk 1:29:20]} Nf3 {[%clk 1:31:20]} Nc6 {[%clk
1:29:40]} Bb5 {[%clk 1:31:44]} d6 {[%clk 1:30:01]} O-O {[%clk 1:31:48]} Bd7
{[%clk 1:30:25]} Re1 {[%clk 1:31:36]} a6 {[%clk 1:30:49]} Bf1 {[%clk 1:31:46]}
e5 {[%clk 1:31:11]} c3 {[%clk 1:31:37]} Be7 {[%clk 1:31:34]} d4 {[%clk 1:31:33]}
cxd4 {[%clk 1:31:58]} cxd4 {[%clk 1:31:59]} Bg4 {[%clk 1:32:22]} d5 {[%clk
1:31:57]} Nd4 {[%clk 1:32:47]} Be3 {[%clk 1:31:55]} Nxf3+ {[%clk 1:33:09]} gxf3
{[%clk 1:32:20]} Bh5 {[%clk 1:33:15]} Qa4+ {[%clk 1:32:29]} b5 {[%clk 1:33:14]}
Qb3 {[%clk 1:32:42]} Nh6 {[%clk 1:33:23]} a4 {[%clk 1:32:18]} O-O {[%clk
1:33:38]} axb5 {[%clk 1:18:20]} Rb8 {[%clk 1:33:39]} Rxa6 {[%clk 1:15:12]} f5
{[%clk 1:33:26]} Nd2 {[%clk 0:59:44]} fxe4 {[%clk 0:58:23]} Bxh6 {[%clk
0:47:43]} gxh6 {[%clk 0:58:46]} Nxe4 {[%clk 0:47:07]} Bxf3 {[%clk 0:59:11]} Bg2
{[%clk 0:44:27]} Bxe4 {[%clk 0:58:54]} Rxe4 {[%clk 0:43:47]} Bh4 {[%clk
0:58:45]} f3 {[%clk 0:43:48]} Kh8 {[%clk 0:58:01]} Qb4 {[%clk 0:33:24]} Qg5
{[%clk 0:54:09]} Ra1 {[%clk 0:25:48]} Rbc8 {[%clk 0:49:24]} Rf1 {[%clk 0:15:02]}
Rc1 {[%clk 0:49:42]} f4 {[%clk 0:11:04]} Rxf1+ {[%clk 0:50:03]} Kxf1 {[%clk
0:11:30]} Qg4 {[%clk 0:48:16]} Qd2 {[%clk 0:08:38]} Bg5 {[%clk 0:35:06]} Qe2
{[%clk 0:07:39]} Qc8 {[%clk 0:26:42]}

[Variant "Standard"]
[Site "Europe Echecs"]

[Event "Open International Graz"]
[Date "2026.02.17"]
[White "Shengelia, David"]
[Black "Dehtiarov, Roman"]
[WhiteElo "2487"]
[BlackElo "2430"]
[Round "6.6.2"]
[Result "1/2-1/2"]

d4 {[%clk 1:30:56]} Nf6 {[%clk 1:26:31]} c4 {[%clk 1:31:18]} e6 {[%clk 1:26:46]}
Nf3 {[%clk 1:31:29]} d5 {[%clk 1:26:56]} e3 {[%clk 1:31:15]} Be7 {[%clk
1:25:56]} b3 {[%clk 1:30:02]} c5 {[%clk 1:24:43]} Bb2 {[%clk 1:29:32]} O-O
{[%clk 1:24:33]} Bd3 {[%clk 1:29:12]} cxd4 {[%clk 1:24:55]} exd4 {[%clk
1:29:08]} Nc6 {[%clk 1:25:14]} O-O {[%clk 1:27:48]} Nb4 {[%clk 1:24:45]} Be2
{[%clk 1:27:22]} b6 {[%clk 1:24:58]} Nbd2 {[%clk 1:26:04]} Bb7 {[%clk 1:23:34]}
a3 {[%clk 1:26:01]} Nc6 {[%clk 1:23:58]} Bd3 {[%clk 1:25:07]} Nh5 {[%clk
1:17:28]} cxd5 {[%clk 0:58:59]} exd5 {[%clk 0:53:55]} Rc1 {[%clk 0:56:02]} Nf4
{[%clk 0:49:27]} Bb1 {[%clk 0:56:26]} g6 {[%clk 0:47:48]} Re1 {[%clk 0:55:34]}
Bf6 {[%clk 0:43:51]} Ne5 {[%clk 0:39:18]} Nxe5 {[%clk 0:37:49]} dxe5 {[%clk
0:39:45]} Bg7 {[%clk 0:38:10]} Qg4 {[%clk 0:33:54]} Ne6 {[%clk 0:27:46]} f4
{[%clk 0:34:05]} Bh6 {[%clk 0:22:26]} Rf1 {[%clk 0:34:20]} b5 {[%clk 0:22:31]}
Rcd1 {[%clk 0:31:26]} Bc8 {[%clk 0:11:05]} f5 {[%clk 0:28:49]} Be3+ {[%clk
0:10:41]} Kh1 {[%clk 0:29:14]} Qg5 {[%clk 0:10:26]} Qxg5 {[%clk 0:19:10]} Nxg5
{[%clk 0:10:51]} h4 {[%clk 0:19:28]} Bxd2 {[%clk 0:11:15]} Rxd2 {[%clk 0:19:51]}
Ne4 {[%clk 0:11:41]} Bxe4 {[%clk 0:20:17]} dxe4 {[%clk 0:12:07]} e6 {[%clk
0:20:42]} e3 {[%clk 0:08:13]} exf7+ {[%clk 0:19:10]} Kxf7 {[%clk 0:07:24]} fxg6+
{[%clk 0:19:34]} Ke7 {[%clk 0:07:32]} Re1 {[%clk 0:19:12]} Rf1+ {[%clk 0:07:36]}
Rxf1 {[%clk 0:19:12]} exd2 {[%clk 0:08:01]} Bf6+ {[%clk 0:12:31]} Kd6 {[%clk
0:08:16]} Rd1 {[%clk 0:12:13]} hxg6 {[%clk 0:08:13]} Rxd2+ {[%clk 0:12:40]} Ke6
{[%clk 0:08:29]} Bg5 {[%clk 0:12:05]} Bb7 {[%clk 0:08:21]} Rf2 {[%clk 0:12:05]}
Be4 {[%clk 0:08:21]} Rf6+ {[%clk 0:09:25]} Ke5 {[%clk 0:08:27]} Rf7 {[%clk
0:09:28]} Rc8 {[%clk 0:07:33]} Re7+ {[%clk 0:09:32]} Kf5 {[%clk 0:05:40]} Kg1
{[%clk 0:09:54]} Bd5 {[%clk 0:06:03]} Rxa7 {[%clk 0:08:45]} Rc2 {[%clk 0:02:18]}
Kf1 {[%clk 0:02:01]} Bxg2+ {[%clk 0:02:20]} Ke1 {[%clk 0:02:26]} Ke5 {[%clk
0:01:11]}

[Variant "Standard"]
[Site "Europe Echecs"]

[Event "Open International Graz"]
[Date "2026.02.17"]
[White "Zverev, Lev"]
[Black "Lalit Babu M R"]
[WhiteElo "2453"]
[BlackElo "2511"]
[Round "6.6.3"]
[Result "0-1"]

e4 {[%clk 1:29:37]} e5 {[%clk 1:29:08]} Nf3 {[%clk 1:30:02]} Nc6 {[%clk
1:29:24]} Bc4 {[%clk 1:30:26]} Bc5 {[%clk 1:29:12]} d3 {[%clk 1:30:50]} Nf6
{[%clk 1:29:03]} O-O {[%clk 1:31:11]} d6 {[%clk 1:29:01]} c3 {[%clk 1:31:35]} a5
{[%clk 1:27:57]} Re1 {[%clk 1:31:51]} O-O {[%clk 1:26:10]} h3 {[%clk 1:32:09]}
Be6 {[%clk 1:24:41]} Bb5 {[%clk 1:32:07]} Ba7 {[%clk 1:22:43]} Be3 {[%clk
1:32:24]} Bxe3 {[%clk 1:21:07]} Rxe3 {[%clk 1:32:48]} Ne7 {[%clk 1:19:29]} d4
{[%clk 1:33:02]} Ng6 {[%clk 1:19:09]} Bf1 {[%clk 1:33:23]} c6 {[%clk 1:03:52]}
c4 {[%clk 1:31:57]} h6 {[%clk 0:48:58]} Nc3 {[%clk 1:30:47]} Nh7 {[%clk
0:48:49]} Qb3 {[%clk 1:14:12]} Qe7 {[%clk 0:41:05]} Rd1 {[%clk 1:06:45]} Ng5
{[%clk 0:40:15]} Nxg5 {[%clk 1:06:27]} hxg5 {[%clk 0:40:40]} Qa3 {[%clk
0:59:31]} exd4 {[%clk 0:31:11]} Rxd4 {[%clk 0:58:11]} Ne5 {[%clk 0:31:36]} b3
{[%clk 0:54:18]} Rfd8 {[%clk 0:31:35]} f3 {[%clk 0:44:58]} a4 {[%clk 0:26:31]}
Qb2 {[%clk 0:28:24]} axb3 {[%clk 0:25:36]} axb3 {[%clk 0:28:24]} Qc7 {[%clk
0:25:30]} Na4 {[%clk 0:23:31]} b6 {[%clk 0:21:23]} Nc3 {[%clk 0:17:37]} Qa7
{[%clk 0:19:58]} Qd2 {[%clk 0:17:59]} Qe7 {[%clk 0:20:01]} Qd1 {[%clk 0:16:55]}
Ra3 {[%clk 0:16:20]} Na4 {[%clk 0:13:32]} b5 {[%clk 0:16:30]} cxb5 {[%clk
0:12:19]} cxb5 {[%clk 0:16:56]} Bxb5 {[%clk 0:11:40]} Rb8 {[%clk 0:15:21]} Nc3
{[%clk 0:09:58]} Qa7 {[%clk 0:14:28]} Kh2 {[%clk 0:04:39]} Rxb3 {[%clk 0:14:33]}
Ba4 {[%clk 0:00:32]} Rb2 {[%clk 0:14:33]} Re2 {[%clk 0:00:32]} Qc5 {[%clk
0:13:46]} Rxb2 {[%clk 0:00:31]} Rxb2 {[%clk 0:14:11]} Rxd6 {[%clk 0:00:31]} Qf2
{[%clk 0:14:09]}

[Variant "Standard"]
[Site "Europe Echecs"]

[Event "Open International Graz"]
[Date "2026.02.17"]
[White "Zielonka, Adam"]
[Black "Pranav Anand"]
[WhiteElo "2348"]
[BlackElo "2606"]
[Round "6.6.4"]
[Result "1/2-1/2"]

e4 {[%clk 1:29:07]} c5 {[%clk 1:29:06]} Nf3 {[%clk 1:29:33]} d6 {[%clk 1:29:32]}
d4 {[%clk 1:29:38]} cxd4 {[%clk 1:29:57]} Nxd4 {[%clk 1:30:03]} Nf6 {[%clk
1:30:22]} Nc3 {[%clk 1:30:25]} a6 {[%clk 1:30:49]} Be3 {[%clk 1:29:24]} e5
{[%clk 1:31:12]} Nb3 {[%clk 1:29:47]} Be6 {[%clk 1:31:28]} f3 {[%clk 1:30:00]}
Nbd7 {[%clk 1:30:45]} g4 {[%clk 1:27:33]} h6 {[%clk 1:31:04]} Qd2 {[%clk
1:23:44]} Qc7 {[%clk 1:31:24]} O-O-O {[%clk 1:17:41]} b5 {[%clk 1:31:35]} Nd5
{[%clk 1:11:31]} Bxd5 {[%clk 1:31:49]} exd5 {[%clk 1:11:56]} Be7 {[%clk
1:26:44]} Kb1 {[%clk 1:06:41]} Nb6 {[%clk 1:18:17]} Bxb6 {[%clk 0:59:59]} Qxb6
{[%clk 1:18:32]} Na5 {[%clk 0:52:51]} Rc8 {[%clk 1:13:43]} Nc6 {[%clk 0:51:06]}
Nxd5 {[%clk 1:05:04]} Nxe7 {[%clk 0:46:50]} Nxe7 {[%clk 1:05:27]} Qxd6 {[%clk
0:47:07]} Qxd6 {[%clk 1:05:43]} Rxd6 {[%clk 0:47:31]} Nc6 {[%clk 1:06:09]} c3
{[%clk 0:42:10]} Ke7 {[%clk 1:05:31]} Rd1 {[%clk 0:41:47]} Rhd8 {[%clk 0:56:09]}
Bd3 {[%clk 0:39:25]} Na5 {[%clk 0:55:27]} a4 {[%clk 0:29:06]} Nc4 {[%clk
0:52:10]} axb5 {[%clk 0:27:43]} axb5 {[%clk 0:51:48]} Rhe1 {[%clk 0:23:55]} Kf6
{[%clk 0:50:51]} h4 {[%clk 0:23:40]} Nd6 {[%clk 0:40:35]} Ka2 {[%clk 0:19:19]}
Rc5 {[%clk 0:35:33]} Kb3 {[%clk 0:18:26]} Rdc8 {[%clk 0:33:21]} Kb4 {[%clk
0:16:06]} Ke6 {[%clk 0:32:59]} Ra1 {[%clk 0:14:28]}

[Variant "Standard"]
[Site "Europe Echecs"]